Cultural tourism in Europe

Αποθηκεύτηκε σε:
Λεπτομέρειες βιβλιογραφικής εγγραφής
Άλλοι συγγραφείς: Richards, Greg (Επιμελητής έκδοσης)
Μορφή: Βιβλίο
Γλώσσα:English
Δημοσίευση: Oxon : CAB, c1996
Θέματα:
Ετικέτες: Προσθήκη ετικέτας
Δεν υπάρχουν, Καταχωρήστε ετικέτα πρώτοι!

MARC

LEADER 00000nam a2200000 i 4500
001 1/19201
008 990203s1996 eng d
020 |a 0851991041 
035 |a ΠΑΡ-1997  |b 04/04  |c ΤΣΑΡΤΑΣ  |l 10021188 
040 |a GR-MY-UA  |b    |e aacr 
041 1 |a eng 
082 0 |a 338.4791404559 
245 1 0 |a Cultural tourism in Europe /  |c edited by: G. Richards 
260 |a Oxon :   |b CAB,   |c c1996 
300 |a xi, 347 σ. 
504 |a Περιλαμβάνει βιβλιογραφία και ευρετήριο 
650 0 0 |a Tourism  |z Europe. 
650 0 0 |a Popular culture  |z Europe. 
651 0 |a Europe  |x Cultural policy. 
700 1 |a Richards, Greg.  |4 edt 
852 |a INST  |b CHIOS  |e 19990203  |h 338.4791404559 CUL  |p 005200014958  |q 005200014958  |t BK  |y 0 
901 |a BIBL-1999-1 
909 |a X  |b 055270 
922 |a 2ΔΩΡ  |b 199902  |c ΤΔΕ  |d GLORYBOOK-ECONOMIST